|
|
|
|
| LEADER |
00000nam a2200000 a 4500 |
| 001 |
UCP6675 |
| 003 |
CL-VaPUC |
| 008 |
991112e19770000SP |||||||||||||||||spa|d |
| 082 |
0 |
4 |
|a 305.5
|b ANE
|2 21
|
| 100 |
|
|
|a Anes Alvarez, Gonzalo
|e author
|9 470433
|
| 700 |
|
|
|a Blázquez Martínez, José María
|e author
|9 558283
|
| 700 |
0 |
|
|a Lara, Manuel Tuñon de
|e author
|9 435900
|
| 700 |
0 |
|
|a Valdeón, Julio
|e author
|9 435901
|
| 245 |
1 |
0 |
|a Clases y conflictos sociales en la historia
|
| 300 |
|
|
|a 176 p
|
| 942 |
|
|
|c BK
|
| 945 |
|
|
|d 19991112 00:00:00
|a crobeson
|
| 260 |
|
|
|a Madrid
|b Cátedra
|c 1977
|
| 650 |
|
0 |
|a Lucha de clases
|9 403122
|
| 650 |
|
0 |
|a Análisis histórico
|9 338000
|
| 650 |
|
7 |
|a ESTRUCTURA SOCIAL
|2 CL-VaPUC
|9 435902
|
| 650 |
|
0 |
|a Historia política
|9 256974
|
| 650 |
|
0 |
|a Capitalismo
|9 255255
|
| 650 |
|
0 |
|a Producción
|9 263680
|
| 583 |
|
|
|a last modification
|c 19991112 00:00:00
|k Rodrigo Vera
|
| 999 |
|
|
|c 284146
|d 284144
|
| 952 |
|
|
|0 0
|1 0
|4 0
|6 305_500000000000000_ANE_1977
|7 0
|8 A
|9 327915
|a BIBHIS
|b BIBHIS
|d 2019-11-20
|i 1371290
|o 305.5 ANE 1977
|p 1371290
|r 2025-01-20
|w 2019-11-20
|y BK
|k HIS
|